000 00502nam a2200181Ia 4500
005 20250326125605.0
008 250326s9999 xx 000 0 und d
037 _aTextbook
040 _aFMSL
_beng
_cFMSL
041 _aeng
_2eng
084 _aX8(M7) K9
_qFMSL
100 _aICMF
_9739348
245 0 _aKnow your cotton mill industry
_cICMF
260 _aBombay
_bBombay, Indian Cotton Mills' Feferation
_c1969
300 _a28p
942 _cTB
_hX8(M7) K9
999 _c1278711
_d1278711